The 3G IP multimedia subsystem (IMS) : (Record no. 527)

MARC details
000 -LEADER
fixed length control field 01417cam a22003614a 4500
001 - CONTROL NUMBER
control field 14108361
003 - CONTROL NUMBER IDENTIFIER
control field OSt
005 - DATE AND TIME OF LATEST TRANSACTION
control field 20250420134814.0
008 - FIXED-LENGTH DATA ELEMENTS--GENERAL INFORMATION
fixed length control field 050914s2006 enka b 001 0 eng
010 ## - LIBRARY OF CONGRESS CONTROL NUMBER
LC control number 2005026863
020 ## - INTERNATIONAL STANDARD BOOK NUMBER
International Standard Book Number 9780470018187
035 ## - SYSTEM CONTROL NUMBER
System control number (OCoLC)ocm61651865
040 ## - CATALOGING SOURCE
Original cataloging agency DLC
Transcribing agency KCST
042 ## - AUTHENTICATION CODE
Authentication code pcc
050 00 - LIBRARY OF CONGRESS CALL NUMBER
Classification number TK5103.2
Item number .C35 2006
082 00 - DEWEY DECIMAL CLASSIFICATION NUMBER
Classification number 621.384
Edition information 22
Item number Ca Th
100 1# - MAIN ENTRY--PERSONAL NAME
Personal name Camarillo, Gonzalo.
9 (RLIN) 4836
245 14 - TITLE STATEMENT
Title The 3G IP multimedia subsystem (IMS) :
Remainder of title merging the Internet and the cellular worlds /
Statement of responsibility, etc. Gonzalo Camarillo, Miguel A. García-Martín.
250 ## - EDITION STATEMENT
Edition statement 2nd ed.
260 ## - PUBLICATION, DISTRIBUTION, ETC.
Place of publication, distribution, etc. Chichester, England ;
-- Hoboken, NJ :
Name of publisher, distributor, etc. J. Wiley & Sons,
Date of publication, distribution, etc. c2006.
300 ## - PHYSICAL DESCRIPTION
Extent xxvi, 427 p. :
Other physical details ill. ;
Dimensions 25 cm.
504 ## - BIBLIOGRAPHY, ETC. NOTE
Bibliography, etc. note Includes bibliographical references (p. [401]-417) and index.
650 #0 - SUBJECT ADDED ENTRY--TOPICAL TERM
Topical term or geographic name entry element Wireless communication systems.
9 (RLIN) 4837
650 #0 - SUBJECT ADDED ENTRY--TOPICAL TERM
Topical term or geographic name entry element Mobile communication systems.
9 (RLIN) 1125
650 #0 - SUBJECT ADDED ENTRY--TOPICAL TERM
Topical term or geographic name entry element Multimedia communications.
9 (RLIN) 4838
650 #0 - SUBJECT ADDED ENTRY--TOPICAL TERM
Topical term or geographic name entry element Internet Protocol multimedia subsystem.
9 (RLIN) 4839
700 1# - ADDED ENTRY--PERSONAL NAME
Personal name García-Martín, Miguel A.
9 (RLIN) 4840
856 41 - ELECTRONIC LOCATION AND ACCESS
Materials specified Table of contents
Uniform Resource Identifier <a href="http://www.loc.gov/catdir/toc/ecip0519/2005026863.html">http://www.loc.gov/catdir/toc/ecip0519/2005026863.html</a>
856 42 - ELECTRONIC LOCATION AND ACCESS
Materials specified Publisher description
Uniform Resource Identifier <a href="http://www.loc.gov/catdir/enhancements/fy0623/2005026863-d.html">http://www.loc.gov/catdir/enhancements/fy0623/2005026863-d.html</a>
856 42 - ELECTRONIC LOCATION AND ACCESS
Materials specified Contributor biographical information
Uniform Resource Identifier <a href="http://www.loc.gov/catdir/enhancements/fy0650/2005026863-b.html">http://www.loc.gov/catdir/enhancements/fy0650/2005026863-b.html</a>
942 ## - ADDED ENTRY ELEMENTS (KOHA)
Koha item type Book
942 ## - ADDED ENTRY ELEMENTS (KOHA)
Source of classification or shelving scheme Dewey Decimal Classification
Holdings
Withdrawn status Lost status Source of classification or shelving scheme Damaged status Not for loan Home library Current library Date acquired Source of acquisition Cost, normal purchase price Total checkouts Full call number Barcode Date last seen Price effective from Koha item type
    Dewey Decimal Classification     KCST Library KCST Library 29/07/2020 Unknown 0.00   621.384 Ca Th 1000000461 29/07/2020 29/07/2020 Book
© 2025 KCST. All rights reserved